000 00750nam a2200217Ia 4500
003 IN-BaIIA
008 211028s9999 xx 000 0 eng d
020 _a0-7923-1247-3
040 _cIIA Library
080 _a52(082.1)
_bASS-171
245 0 _aDatabases and on-line data in astronomy
_cedited by Miguel A. Albrecht and Daniel Egret
260 _aDordrecht
_bKluwer Academic
_c1991
300 _axiv, 273p.
490 _aAstrophysics and Space Science Library; v. 171
650 _aAstronomy and Astrophysics Thesaurus
650 _aAstronomy-Data processing
_912215
650 _aData processing
_94335
700 _aAlbrecht, Miguel A.
_917665
700 _aEgret, Daniel, ed.
_917666
942 _cBK
999 _c10392
_d10392